000 00625nam a2200241Ia 4500
001 16825
003 GE_BSU
008 181216s||||||||xx |||||||||||||| ||und||
020 _a9781780984476
040 _cGE_BSU
100 _aEvans, Virginia. Dooley,Jenny
245 _aPrime Time 2. Teacher's Book
260 _aNewbury
260 _bExpress Publishing
260 _c2012
300 _a248p.ill.30cm.
300 _e+teacher's resource pack CD Room 2+Class CD 2(4)
541 _h59Gel.85T.
653 _aPrime Time 2
653 _aTeacher's Book
653 _aინგლისური ენა
942 _cBK
999 _c49890
_d49890